Sunderland Trivia - Statistics

General Stats
  • This quiz has been taken 102 times
  • The average score is 7 of 15
Answer Stats
Question Answer % Correct
What is the name of Sunderland’s current stadium? Stadium of Light
98%
What is Sunderland’s nickname? The {Black} {Cats}
89%
With which club does Sunderland contest the Tyne-Wear Derby? Newcastle United
86%
Who is Sunderland's record sale, joining Borussia Dortmund for £32m in 2025? Jobe Bellingham
79%
Who is the current head coach of Sunderland? Régis Le Bris
79%
Who became the first Englishman to win the European Golden Shoe when he scored 30 Premier League goals for newly-promoted Sunderland in the 1999/2000 season? Kevin Phillips
65%
What stadium was Sunderland's home from 1898 to 1997? Roker Park
49%
Who had a 16-year association with Sunderland as a player, coach, manager and chairman between 1996 and 2012? Niall Quinn
44%
Who is the current captain of Sunderland? Luke O'Nien
42%
Sunderland was initially established as a football club for members of what profession? Teaching
27%
Who is Sunderland's record signing, arriving from FC Lorient for £13.8m in 2016? Didier N'Dong
23%
Who scored the only goal of the game as Sunderland beat Leeds United in the 1973 FA Cup Final? Ian Porterfield
22%
Which Englishman holds the record for most Sunderland appearances with 627? Jimmy Montgomery
17%
Which Englishman is Sunderland's all-time record goalscorer with 228? Bobby Gurney
4%
What is the name of Sunderland's first manager, who guided them to three First Division titles in the 1890s? Tom Watson
2%
No matching quizzes found
Score Distribution
Percent of People with Each Score
Percentile by Number Answered
Your Score History
You have not taken this quiz